000 00458nam a2200157Ia 4500
008 100122s9999 xx 000 0 und d
082 _b77366
_a920.08
100 _aगोडबोले श्या वि
245 _aविश्वाचे अलंकार
250 _a1
260 _c1975
300 _a104
630 _aविश्वाचे अलंकार
730 _aविश्वाचे अलंकार
942 _cBOOK
999 _c394404
_d394401